Loading...
| Literature - American | 0 | 3 | 0 | 0 | 30 | 81 | 94.00 | 3 | 3 | 0.00 | 0.00 |
| Science - Biology | 0 | 3 | 0 | 0 | 30 | 92 | 104.33 | 1 | 3 | 0.00 | 0.00 |
| Literature - European | 0 | 3 | 1 | 0 | 25 | 95 | 99.00 | 3 | 3 | 0.00 | 0.00 |
| Literature - British | 0 | 2 | 0 | 0 | 20 | 56 | 78.00 | 2 | 2 | 0.00 | 0.00 |
| Literature - World | 0 | 2 | 1 | 0 | 15 | 56 | 74.00 | 2 | 2 | 0.00 | 0.00 |
| Science - Other | 0 | 1 | 0 | 0 | 10 | 109 | 109.00 | 0 | 1 | 0.00 | 0.00 |
| History - Other | 0 | 1 | 0 | 0 | 10 | 136 | 136.00 | 1 | 1 | 0.00 | 0.00 |
| History - European | 0 | 1 | 0 | 0 | 10 | 117 | 117.00 | 0 | 1 | 0.00 | 0.00 |
| Fine Arts - Painting & Sculpture | 0 | 1 | 0 | 0 | 10 | 93 | 93.00 | 0 | 1 | 0.00 | 0.00 |
| Fine Arts - Other | 0 | 0 | 0 | 0 | 0 | 0.00 | 0 | 0 | 0.00 | 0.00 | |
| Science - Physics | 0 | 0 | 1 | 0 | -5 | 0.00 | 0 | 0 | 0.00 | 0.00 | |
| History - World | 0 | 0 | 2 | 0 | -10 | 0.00 | 0 | 0 | 0.00 | 0.00 |